000 00710nam a2200205 a 4500
001 000037706
005 20240305092413.0
008 121115s2012 dr a 000 0 spa d
020 _a9789945854480
040 _aDO-SdBNP
_bspa
_cBNPHU
100 1 _aRosario, Bergson
_91182
245 1 0 _aOrtografía comentada de la lengua española :
_bun recurso para la redacción /
_cBergson Rosario.
250 _a4a ed.
260 _aSanto Domingo :
_bEditorial Ciliya,
_c2012.
300 _av. :
_bil ;
_c26 cm.
500 _aIncluye notas al pie de las páginas
500 _aIncluye datos biográficos del autor en la contraportada
500 _aLa biblioteca posee el tomo I
504 _aBibliografía : p. 163-164
999 _c37196
_d37196